Tối ưu hoá truy vấn trong hệ cơ sở dữ liệu phân tán quản lý dân cư một tỉnh : Luận Văn Thạc Sĩ Công Nghệ thông Tin Chuyên Ngành Hệ Thống Thông Tin

Đề tài thể hiện tổng quát về hệ quản trị cơ sở dữ liệu phân tán, mô hình chi phí, công thức thống kê cơ sở dữ liệu, công thức ước lượng kích thước kết quatrung gian và giải thuật cũng được làm rõ, cài đặc hệ thống, cấu hình...

وصف كامل

محفوظ في:
التفاصيل البيبلوغرافية
المؤلف الرئيسي: Lê, Văn Toán
التنسيق: كتاب
اللغة:Undetermined
منشور في: Cần Thơ Trường Đại học Cần Thơ 2010
الموضوعات:
الوسوم: إضافة وسم
لا توجد وسوم, كن أول من يضع وسما على هذه التسجيلة!
Thư viện lưu trữ: Trung tâm Học liệu Trường Đại học Cần Thơ
LEADER 01297nam a2200217Ia 4500
001 CTU_163155
008 210402s9999 xx 000 0 und d
082 |a 005.75 
082 |b T406 
088 |a 60480104 
100 |a Lê, Văn Toán 
245 0 |a Tối ưu hoá truy vấn trong hệ cơ sở dữ liệu phân tán quản lý dân cư một tỉnh : 
245 0 |b Luận Văn Thạc Sĩ Công Nghệ thông Tin Chuyên Ngành Hệ Thống Thông Tin 
245 0 |c Lê Văn Toán ; Phạm Thị Xuân Lộc (Hướng dẫn Khoa Học) 
260 |a Cần Thơ 
260 |b Trường Đại học Cần Thơ 
260 |c 2010 
520 |a Đề tài thể hiện tổng quát về hệ quản trị cơ sở dữ liệu phân tán, mô hình chi phí, công thức thống kê cơ sở dữ liệu, công thức ước lượng kích thước kết quatrung gian và giải thuật cũng được làm rõ, cài đặc hệ thống, cấu hình hệ thống. 
650 |a Object-oriented databases,Cơ sở dữ liệu hướng đối tượng 
904 |i THOA, Hải 
980 |a Trung tâm Học liệu Trường Đại học Cần Thơ